| 000 | 01594nam0a2200349 4500 | ||
|---|---|---|---|
| 001 | RU\NLR\BIBL_A\011512023 | ||
| 005 | 20260406075722.0 | ||
| 010 |
_a9785000304976 _9550 |
||
| 021 |
_aRU _b2017-75968 _95421 |
||
| 035 | _a(RuMoRGB)009415712 | ||
| 035 | _a(NLR Aleph) 011512023 | ||
| 090 |
_a12052041 _c12052041 |
||
| 100 | _a20171102d2017 u y0rusy50 ca | ||
| 101 | 0 | _arus | |
| 102 | _aRU | ||
| 105 | _aa z 000zy | ||
| 200 | 1 |
_aКлиническая синдромологическая классификация экстрапирамидных расстройств _e[методические рекомендации] _fВ. Н. Шток, О. С. Левин |
|
| 205 | _a3-е изд. | ||
| 210 |
_aМосква _cМЕДпресс-информ _d2017 |
||
| 215 |
_a110, [1] с. _cтабл. _d17 |
||
| 300 | _aВ вып. дан. 1-й авт.: Шток Валентин Николаевич | ||
| 320 | _aБиблиогр. в конце кн. (12 назв.) | ||
| 606 | 1 |
_aЭкстрапирамидная система _jМетодические пособия _xБолезни _xКлассификация _92208064 _3RU\NLR\AUTH\6601560764 |
|
| 675 | _a616.8-009 | ||
| 686 |
_aР62-323,07 _2rubbk |
||
| 686 | 1 | _aР627-31я8 | |
| 700 | 1 |
_7ca _8rus _aШток _bВ. Н. _f1934- _gВалентин Нахманович _9181291 _3RU\NLR\AUTH\770181342 |
|
| 701 | 1 |
_8rus _7ca _aЛевин _bО. С. _cд-р мед. наук _gОлег Семенович _3RU\NLR\AUTH\7739875 _922838 |
|
| 942 | _cBOOK | ||
| 980 | _aNBR | ||